| 000 | 00998nam a2200241 u 4500 | ||
|---|---|---|---|
| 005 | 20250617063819.0 | ||
| 008 | 191203s2015 mx ab r 000 0 spa d | ||
| 020 | _a9786074879841 | ||
| 035 | _aUPN01000234572 | ||
| 040 |
_aMX-MxUPN _bspa _cMX-MxUPN |
||
| 050 | 4 |
_aHT395 M6 _bC33 2015 |
|
| 100 | 1 |
_aCabrera Becerra, Virginia _945827 |
|
| 245 | 1 | 0 |
_aConfiguración territorial en México (1940-1970) : _bla huella profunca de la historia / _cVirginia Cabrera Becerra. |
| 250 | _aPrimera edición | ||
| 260 |
_aPuebla, Puebla, México : _bBenemérita Universidad Autónoma de Puebla, Instituto de Ciencias Sociales y Humanidades "Alfonso Vélez Pliego", _c2015. |
||
| 300 |
_a222 páginas : _bilustraciones, mapas a color, tablas |
||
| 650 | 4 |
_aPlanificación regional _zMéxico _xHistoria _91119 |
|
| 650 | 0 |
_945264 _aUso de la tierra _xPlanificación |
|
| 651 | 2 |
_aMéxico _xPolítica y gobierno _y1946-1970 _vFuentes _99514 |
|
| 905 | _aLibro | ||
| 942 |
_n0 _2lcc _cLIBRO |
||
| 999 |
_c206667 _d206667 |
||